| 000 | 00355 a2200133 4500 | ||
|---|---|---|---|
| 005 | 20250708131151.0 | ||
| 020 | _a0 406 55242 8 | ||
| 082 | _aLM 347.052 ALL | ||
| 100 | _aALLOT, A. | ||
| 245 | _aThe Limits of Law. | ||
| 260 |
_aEngland, _bButterworth & Co. Publishers Ltd, _c1980. |
||
| 300 |
_axxii, 332p.: table _bGlossary & Index _c22cm. |
||
| 942 |
_2ddc _cBKS |
||
| 999 |
_c237 _d237 |
||